000 00632nac a22001811u 4500
020 _a8121916976
082 0 0 _a658.8
_bP641
090 _c1207
_d1207
100 _aPillai, R.S.N.
245 0 0 _aModern marketing :
_cprinciples and practices /
_bR. S. N. Pillai, Bagavathi
250 _a3rd rev. ed.
260 _aNew Delhi :
_bS Chand & Co.,
_c2004.
300 _a401 p. :
_bill. ;
_c24 cm.
650 0 _aMarketing.
700 1 _aBagavathi
942 _cBB
_k658.8P641
999 _c1207
_d1207